[Event "Enger Knappen Cup op-A"]
[Site "Enger"]
[Date "2009.12.30"]
[Round "7"]
[White "Helbig, Mark"]
[Black "Potthoff, Phillip"]
[Result "1-0"]
[WhiteElo "2362"]
[BlackElo "1965"]
[PlyCount "117"]
[EventDate "2009.12.27"]
[EventType "swiss"]
[EventRounds "7"]
[EventCountry "GER"]
[SourceTitle "EXT 2011"]
[Source "ChessBase"]
[SourceDate "2010.11.26"]
[SourceVersion "1"]
[SourceVersionDate "2010.11.26"]
[SourceQuality "1"]

1. d4 Nf6 2. Nf3 e6 3. Bg5 d5 4. e3 h6 5. Bh4 Be7 6. Nbd2 Nbd7 7. Bd3 0-0 8. 0-0 c5 9. c3 b6 10. Ne5 Bb7 11. f4 Ne4 12. Bxe7 Qxe7 13. Ndf3 Ndf6 14. g4 Ne8 15. Qe2 N8d6 16. Kh1 Rac8 17. Rg1 g6 18. Raf1 Kh7 19. Bb1 f6 20. Nd3 Kg7 21. g5 hxg5 22. fxg5 fxg5 23. Nde5 Rf5 24. Nd2 Rcf8 25. Bxe4 dxe4 26. Qg2 cxd4 27. cxd4 Ba6 28. Rxf5 exf5 29. Qxg5 Qxg5 30. Rxg5 Rf6 31. h4 Be2 32. Kg2 Nf7 33. Kf2 Bb5 34. Nxf7 Kxf7 35. Kg3 Be2 36. Kf4 Rc6 37. Rg2 Bg4 38. Nxe4 fxe4 39. Kxg4 Rf6 40. Rc2 Rf3 41. Rc3 Rf2 42. b3 Rxa2 43. Kf4 a5 44. Kxe4 Rh2 45. Rc7+ Kg8 46. Rc6 Rxh4+ 47. Kd3 Kf7 48. Rxb6 Rh1 49. e4 Rd1+ 50. Kc4 Rc1+ 51. Kd5 g5 52. Ra6 Rc3 53. Rxa5 Rxb3 54. e5 g4 55. Ra1 g3 56. e6+ Ke7 57. Ra7+ Ke8 58. Rg7 Ra3 59. Ke5 1-0

[Event "Enger Knappen Cup op-A"]
[Site "Enger"]
[Date "2009.12.29"]
[Round "4"]
[White "Kolakovic, Klaudio"]
[Black "Potthoff, Phillip"]
[Result "0-1"]
[WhiteElo "2056"]
[BlackElo "1965"]
[PlyCount "80"]
[EventDate "2009.12.27"]
[EventType "swiss"]
[EventRounds "7"]
[EventCountry "GER"]
[SourceTitle "EXT 2011"]
[Source "ChessBase"]
[SourceDate "2010.11.26"]
[SourceVersion "1"]
[SourceVersionDate "2010.11.26"]
[SourceQuality "1"]

1. d4 Nf6 2. Nc3 d5 3. e4 dxe4 4. f3 exf3 5. Nxf3 e6 6. Bg5 Be7 7. Bd3 0-0 8. 0-0 Nbd7 9. Qe1 a6 10. Qh4 g6 11. Rf2 h5 12. g4 Re8 13. gxh5 Nxh5 14. Rg2 Ng7 15. Bxe7 Qxe7 16. Ng5 Nf8 17. Rf1 Nf5 18. Bxf5 exf5 19. Re2 Qd8 20. Rxe8 Qxe8 21. Rf3 f6 22. Rh3 fxg5 23. Qh8+ Kf7 24. Rh7+ Nxh7 25. Qxh7+ Ke6 26. Qxc7 Bd7 27. Qxb7 Kf7 28. Kf2 Rb8 29. Qxa6 Qe6 30. Qd3 Rxb2 31. d5 Qd6 32. Kg2 Rb8 33. Ne2 Rb4 34. c4 Qe5 35. Ng3 Rb2+ 36. Kf1 Qf4+ 37. Ke1 Qf2+ 38. Kd1 Rxa2 39. Qc3 Qxh2 40. Ke1 Qb2 0-1

[Event "Enger Knappen Cup op-A"]
[Site "Enger"]
[Date "2009.12.29"]
[Round "5"]
[White "Potthoff, Phillip"]
[Black "Plischki, Sebastian"]
[Result "0-1"]
[WhiteElo "1965"]
[BlackElo "2347"]
[PlyCount "28"]
[EventDate "2009.12.27"]
[EventType "swiss"]
[EventRounds "7"]
[EventCountry "GER"]
[SourceTitle "EXT 2011"]
[Source "ChessBase"]
[SourceDate "2010.11.26"]
[SourceVersion "1"]
[SourceVersionDate "2010.11.26"]
[SourceQuality "1"]

1. e4 c5 2. Nc3 Nc6 3. g3 g6 4. Bg2 Bg7 5. d3 d6 6. Be3 Nf6 7. h3 e5 8. Qd2 Nd4 9. Nd5 Nxd5 10. exd5 Nf5 11. Ne2 Nxe3 12. fxe3 h5 13. c3 h4 14. g4 Bh6 0-1

[Event "Enger Knappen Cup op-A"]
[Site "Enger"]
[Date "2009.12.28"]
[Round "3"]
[White "Potthoff, Phillip"]
[Black "Kaufeld, Juergen"]
[Result "1/2-1/2"]
[WhiteElo "1965"]
[BlackElo "2254"]
[PlyCount "50"]
[EventDate "2009.12.27"]
[EventType "swiss"]
[EventRounds "7"]
[EventCountry "GER"]
[SourceTitle "EXT 2011"]
[Source "ChessBase"]
[SourceDate "2010.11.26"]
[SourceVersion "1"]
[SourceVersionDate "2010.11.26"]
[SourceQuality "1"]

1. e4 c5 2. Nc3 a6 3. g3 b5 4. a3 Bb7 5. Bg2 e6 6. d3 d5 7. exd5 Nf6 8. Nge2 Nxd5 9. Nf4 Nxc3 10. bxc3 Bxg2 11. Nxg2 Be7 12. 0-0 Bf6 13. Bd2 Nd7 14. Ne3 0-0 15. f4 g6 16. g4 Qb6 17. g5 Bg7 18. h4 f5 19. h5 Rf7 20. Qf3 Rc8 21. Rae1 Qc6 22. h6 Bf8 23. Qxc6 Rxc6 24. Kg2 Nb6 25. c4 Rd7 1/2-1/2

[Event "OWL-ch U16"]
[Site "Hiddenhausen"]
[Date "2005.01.04"]
[Round "5"]
[White "Ebert, Manuel"]
[Black "Potthoff, Phillip"]
[Result "1/2-1/2"]
[WhiteElo "1908"]
[BlackElo "1483"]
[PlyCount "129"]
[EventDate "2005.01.02"]
[EventType "swiss"]
[EventRounds "7"]
[EventCountry "GER"]
[SourceTitle "EXT 2007"]
[Source "ChessBase"]
[SourceDate "2006.11.23"]
[SourceVersion "1"]
[SourceVersionDate "2006.11.23"]
[SourceQuality "1"]

1. e4 e5 2. Nf3 Nc6 3. Bb5 Nd4 4. Nxd4 exd4 5. 0-0 Bc5 6. Bc4 Qf6 7. d3 d6 8. Nd2 Be6 9. Rb1 Ne7 10. a4 c6 11. Bxe6 fxe6 12. Nf3 e5 13. Qe2 0-0 14. c3 Ng6 15. b4 Bb6 16. a5 Bc7 17. cxd4 exd4 18. Bg5 Qf7 19. Nxd4 h6 20. Be3 a6 21. Nf5 Ne7 22. Nxe7+ Qxe7 23. Qg4 Rf6 24. Bd4 Qe6 25. Qe2 Rf7 26. f4 Raf8 27. Qd2 d5 28. e5 Bd8 29. Bc5 Be7 30. Rf3 g5 31. Be3 g4 32. Rf2 h5 33. Rbf1 Rf5 34. Qc3 R8f7 35. Bc5 Rg7 36. d4 Kh8 37. Re2 Rgf7 38. Qe3 Kg8 39. h3 Rg7 40. hxg4 hxg4 41. g3 Rh5 42. Rff2 Rgh7 43. Rh2 Rxh2 44. Rxh2 Rxh2 45. Kxh2 Qh6+ 46. Kg1 Bxc5 47. bxc5 Qg6 48. Qf2 Qb1+ 49. Qf1 Qe4 50. Qd1 Qe3+ 51. Kg2 Qe4+ 52. Kf2 Qf5 53. Qe2 Kf8 54. Qd1 Qh5 55. Ke3 Qh2 56. Qxg4 Qg1+ 57. Kd3 Qb1+ 58. Ke2 Qe4+ 59. Kf1 Qh1+ 60. Ke2 Qh2+ 61. Kf3 Qh1+ 62. Kf2 Qh2+ 63. Ke3 Qg1+ 64. Kd2 Qxd4+ 65. Ke2 1/2-1/2

[Event "OWL-ch U16"]
[Site "Hiddenhausen"]
[Date "2005.01.02"]
[Round "1"]
[White "Potthoff, Phillip"]
[Black "Fox, Daniel"]
[Result "1/2-1/2"]
[WhiteElo "1483"]
[BlackElo "1775"]
[PlyCount "51"]
[EventDate "2005.01.02"]
[EventType "swiss"]
[EventRounds "7"]
[EventCountry "GER"]
[SourceTitle "EXT 2007"]
[Source "ChessBase"]
[SourceDate "2006.11.23"]
[SourceVersion "1"]
[SourceVersionDate "2006.11.23"]
[SourceQuality "1"]

1. e4 e6 2. d4 d5 3. Nc3 Bb4 4. Nge2 dxe4 5. a3 Be7 6. Nxe4 Nf6 7. N2c3 0-0 8. Be3 Nbd7 9. Bd3 b6 10. 0-0 Bb7 11. Qf3 Kh8 12. Qe2 Qc8 13. Rac1 c5 14. dxc5 Nxe4 15. Nxe4 Nxc5 16. Nxc5 Bxc5 17. Qh5 f5 18. Bxc5 Qxc5 19. Rfe1 Qd5 20. Qh3 Rf6 21. Bf1 Rg6 22. Rcd1 Qc6 23. Rd2 Re8 24. Re3 b5 25. Rc3 Qb6 26. Rd7 1/2-1/2

[Event "Lippe Cup 01st"]
[Site "Lieme"]
[Date "2004.10.23"]
[Round "2"]
[White "Karsunke, Marvin"]
[Black "Potthoff, Phillip"]
[Result "0-1"]
[WhiteElo "1221"]
[BlackElo "1436"]
[PlyCount "46"]
[EventDate "2004.10.22"]
[EventType "swiss"]
[EventRounds "5"]
[EventCountry "GER"]
[SourceTitle "EXT 2012"]
[Source "ChessBase"]
[SourceDate "2011.11.24"]
[SourceVersion "1"]
[SourceVersionDate "2011.11.24"]
[SourceQuality "1"]

1. e4 d5 2. exd5 Nf6 3. d6 Qxd6 4. Nf3 Nc6 5. Bc4 Be6 6. Bb5 a6 7. Bxc6+ Qxc6 8. d3 h6 9. Be3 Bg4 10. Nbd2 Nd7 11. h3 Bh5 12. g4 Bg6 13. Rg1 e5 14. a3 0-0-0 15. Nc4 Bd6 16. Nxd6+ Qxd6 17. Qd2 Rhe8 18. 0-0-0 Qd5 19. Qe2 Qa2 20. c3 e4 21. Ne1 Ne5 22. d4 Nd3+ 23. Nxd3 exd3 0-1

[Event "Lippe Cup 01st"]
[Site "Lieme"]
[Date "2004.10.23"]
[Round "3"]
[White "Potthoff, Phillip"]
[Black "Hansen, Heiko"]
[Result "1/2-1/2"]
[WhiteElo "1436"]
[BlackElo "1651"]
[PlyCount "43"]
[EventDate "2004.10.22"]
[EventType "swiss"]
[EventRounds "5"]
[EventCountry "GER"]
[SourceTitle "EXT 2012"]
[Source "ChessBase"]
[SourceDate "2011.11.24"]
[SourceVersion "1"]
[SourceVersionDate "2011.11.24"]
[SourceQuality "1"]

1. e4 e6 2. d4 d5 3. exd5 exd5 4. Bd3 Nc6 5. c3 Bd6 6. Nd2 Nf6 7. Ne2 Bg4 8. 0-0 Qd7 9. Nf3 Bxf3 10. gxf3 a6 11. Ng3 Ne7 12. Re1 g6 13. Bg5 Nfg8 14. Qc2 f6 15. Be3 0-0-0 16. b3 Kb8 17. c4 c6 18. c5 Bc7 19. b4 h5 20. Kg2 h4 21. Nh1 Nf5 22. a4 1/2-1/2